Gaming Quiz

Random Gaming or Video Games Quiz

Diablo II Classes Quiz Stats

 Plays Quiz Updated Mar 12, 2020

     
Support Sporcle.
Go Orange.
Score 0/7 Timer 02:00
0 Plays Today
Class % Correct
Barbarian
89.3%
Paladin
82.8%
Necromancer
82.5%
Amazon
75.5%
Sorceress
67.6%
Druid (Lord of Destruction Expansion)
66.6%
Assassin (Lord of Destruction Expansion)
62%

From the Vault

A Maze Race II

by gazzso

If you win, the prize at the end is a smaller maze, which you have to solve with a pen and paper.
Remove Ads.
Support Sporcle.
Get the best of Sporcle when you Go Orange. This ad-free experience offers more features, more stats, and more fun while also helping to support Sporcle. Thank you for becoming a member.

Show Comments

Extras

Top Quizzes Today


Score Distribution

Your Account Isn't Verified!

In order to create a playlist on Sporcle, you need to verify the email address you used during registration. Go to your Sporcle Settings to finish the process.

Report this User

Report this user for behavior that violates our Community Guidelines.

Details: